[Event "Reto (Fritz11, 150'+10\"/999) "]
[Site "?"]
[Date "2009.12.31"]
[Round "?"]
[White "Diaz, Sergio"]
[Black "Cabrera, Marcelo Dario"]
[Result "1/2-1/2"]
[WhiteElo "2472"]
[BlackElo "2267"]
[PlyCount "216"]

1. e4 c5 2. Nf3 e6 3. d4 cxd4 4. Nxd4 a6 5. Bd3 Nf6 6. O-O Qc7 7. Qe2 d6 8. c4
Be7 9. Nc3 Nc6 10. Nxc6 bxc6 11. f4 Nd7 12. Be3 Rb8 13. Rad1 O-O 14. Rf3 g6 15.
g4 Bf6 16. Qc2 {[%eval 25,14] [%emt 0:00:24]} Bg7 {[%eval 23,15] [%emt 0:00:26]
(Td8)} 17. Be2 {[%eval 24,15] [%emt 0:00:16]} d5 {[%eval 0,15] [%emt 0:00:54]}
18. cxd5 {[%eval 0,15] [%emt 0:00:22] (exd5)} cxd5 {[%eval 0,16] [%emt 0:00:34]
} 19. exd5 {[%eval 0,16] [%emt 0:01:13]} exd5 {[%eval -5,17] [%emt 0:01:10]}
20. f5 {[%eval -4,16] [%emt 0:01:13]} Be5 {[%eval -20,16] [%emt 0:00:15]} 21.
Qd2 {[%eval -24,16] [%emt 0:00:51] (Dc1)} Bb7 {[%eval -9,14] [%emt 0:00:18] 
(Axh2+)} 22. Rh3 {[%eval 6,15] [%emt 0:00:22] (Cxd5)} d4 {[%eval 11,15] [%emt
0:00:21]} 23. Bxd4 {[%eval 6,16] [%emt 0:00:16]} Bxh2+ {[%eval 7,16] [%emt 0:
00:32]} 24. Kf1 {[%eval 0,17] [%emt 0:00:19]} Bf4 {[%eval 0,17] [%emt 0:00:35]}
25. Qe1 {[%eval -3,17] [%emt 0:00:48]} g5 {[%eval -3,17] [%emt 0:01:01]} 26.
Qf2 {[%eval -9,17] [%emt 0:01:12]} Rfe8 {[%eval -6,17] [%emt 0:00:40]} 27. b3 {
[%eval -5,17] [%emt 0:00:49]} Rbd8 {[%eval -8,17] [%emt 0:00:48]} 28. Rhd3 {
[%eval 0,17] [%emt 0:01:03]} a5 {[%eval -9,16] [%emt 0:00:15] (Tc8)} 29. Ba7 {
[%eval -18,16] [%emt 0:00:15]} Rc8 {[%eval -20,16] [%emt 0:00:15]} 30. Rxd7 {
[%eval -30,17] [%emt 0:00:27]} Qxc3 {[%eval -31,17] [%emt 0:00:07]} 31. Rxb7 {
[%eval -40,17] [%emt 0:00:14]} Qh3+ {[%eval -33,17] [%emt 0:00:07]} 32. Qg2 {
[%eval -32,19] [%emt 0:00:13]} Qxg2+ {[%eval -31,19] [%emt 0:00:14]} 33. Kxg2 {
[%eval -34,20] [%emt 0:00:21]} Rxe2+ {[%eval -32,20] [%emt 0:00:40]} 34. Kf3 {
[%eval -26,21] [%emt 0:01:12]} Rxa2 {[%eval -35,20] [%emt 0:00:43]} 35. Rbd7 {
[%eval -30,20] [%emt 0:00:54]} Rc3+ {[%eval -26,20] [%emt 0:01:07] (Rf8)} 36.
R1d3 {[%eval -20,19] [%emt 0:00:17]} Rxd3+ {[%eval -21,19] [%emt 0:00:19]} 37.
Rxd3 {[%eval -22,20] [%emt 0:00:10]} Be5 {[%eval -20,20] [%emt 0:00:29]} 38.
Rd8+ {[%eval -24,20] [%emt 0:00:18]} Kg7 {[%eval -25,13] [%emt 0:00:00]} 39.
Bc5 {[%eval -24,20] [%emt 0:00:15]} h6 {[%eval -24,20] [%emt 0:00:51]} 40. Ra8
{[%eval -23,20] [%emt 0:00:19]} Ra1 {[%eval -25,20] [%emt 0:01:12]} 41. Ke4 {
[%eval -24,19] [%emt 0:00:14] (Af8+)} Bb2 {[%eval -32,20] [%emt 0:00:50]} 42.
Bf8+ {[%eval -32,20] [%emt 0:00:49]} Kh7 {[%eval -33,21] [%emt 0:00:30]} 43.
Bc5 {[%eval -32,21] [%emt 0:00:24]} Bf6 {[%eval -33,21] [%emt 0:00:22]} 44. Be3
{[%eval -32,21] [%emt 0:00:32] (Ta7)} Rb1 {[%eval -33,22] [%emt 0:00:25] (Rg7)}
45. Ra7 {[%eval -32,22] [%emt 0:00:16] (Ta6)} Kg7 {[%eval -33,23] [%emt 0:00:
56]} 46. Rxa5 {[%eval -32,22] [%emt 0:01:11]} Rxb3 {[%eval -38,22] [%emt 0:01:
03]} 47. Ra4 {[%eval -34,22] [%emt 0:00:32]} Rb2 {[%eval -36,22] [%emt 0:01:11]
(Tb1)} 48. Kf3 {[%eval -43,18] [%emt 0:00:15] (Ad4)} Rh2 {[%eval -46,19] [%emt
0:00:15] (h5)} 49. Re4 {[%eval -45,19] [%emt 0:00:17]} h5 {[%eval -46,20] 
[%emt 0:00:27]} 50. gxh5 {[%eval -45,20] [%emt 0:00:23]} Rxh5 {[%eval -46,21] 
[%emt 0:00:36]} 51. Bf2 {[%eval -45,21] [%emt 0:00:45]} Rh3+ {[%eval -46,21] 
[%emt 0:00:23]} 52. Kg4 {[%eval -45,22] [%emt 0:00:12]} Rd3 {[%eval -46,22] 
[%emt 0:00:28] (Th1)} 53. Bc5 {[%eval -45,22] [%emt 0:00:15] (Ta4)} Rd5 {
[%eval -46,23] [%emt 0:00:22] (Td1)} 54. Be3 {[%eval -45,23] [%emt 0:00:20]}
Rd1 {[%eval -46,23] [%emt 0:00:18]} 55. Rb4 {[%eval -45,21] [%emt 0:00:12] 
(Rf3)} Rh1 {[%eval -46,21] [%emt 0:00:17]} 56. Kf3 {[%eval -45,21] [%emt 0:00:
15]} Rh3+ {[%eval -46,20] [%emt 0:00:21] (Tf1+)} 57. Kf2 {[%eval -45,21] [%emt
0:00:20]} Rh2+ {[%eval -46,20] [%emt 0:00:13] (Th5)} 58. Kf3 {[%eval -43,21] 
[%emt 0:01:09]} Rh5 {[%eval -44,21] [%emt 0:00:54]} 59. Re4 {[%eval -45,21] 
[%emt 0:00:49]} Ba1 {[%eval -46,21] [%emt 0:00:49]} 60. Rg4 {[%eval -45,21] 
[%emt 0:00:48]} f6 {[%eval -43,21] [%emt 0:00:56] (Rh6)} 61. Bd4 {[%eval -43,
17] [%emt 0:00:16]} Bxd4 {[%eval -46,19] [%emt 0:00:15]} 62. Rxd4 {[%eval -50,
20] [%emt 0:00:15]} Rh3+ {[%eval -51,20] [%emt 0:00:21]} 63. Kf2 {[%eval -49,
20] [%emt 0:00:14] (Re2)} Ra3 {[%eval -50,21] [%emt 0:00:16] (Tc3)} 64. Rd7+ {
[%eval -49,22] [%emt 0:00:20]} Kf8 {[%eval -50,24] [%emt 0:00:17]} 65. Rd6 {
[%eval -49,25] [%emt 0:00:28]} Ke7 {[%eval -50,25] [%emt 0:00:15]} 66. Rd5 {
[%eval -49,25] [%emt 0:00:16]} Rc3 {[%eval -50,25] [%emt 0:00:42]} 67. Ke2 {
[%eval -49,25] [%emt 0:00:13]} Rb3 {[%eval -50,22] [%emt 0:00:24] (Th3)} 68.
Kf2 {[%eval -49,24] [%emt 0:00:18]} Ra3 {[%eval -50,24] [%emt 0:00:44] (Rf8)}
69. Ke2 {[%eval -49,26] [%emt 0:00:20]} Rc3 {[%eval -50,26] [%emt 0:00:21] 
(Th3)} 70. Kf2 {[%eval -49,26] [%emt 0:00:37]} Kf7 {[%eval -50,24] [%emt 0:00:
14] (Tb3)} 71. Rd7+ {[%eval -37,22] [%emt 0:00:16] (Re2)} Kf8 {[%eval -38,24] 
[%emt 0:00:20] (Rg8)} 72. Rd6 {[%eval -34,24] [%emt 0:00:38] (Td5)} Rc2+ {
[%eval -35,23] [%emt 0:00:13] (Rg7)} 73. Kg3 {[%eval -34,25] [%emt 0:00:22] 
(Rf3)} Ke7 {[%eval -35,25] [%emt 0:00:13]} 74. Re6+ {[%eval -34,25] [%emt 0:00:
22]} Kf7 {[%eval -35,26] [%emt 0:00:36]} 75. Re4 {[%eval -34,27] [%emt 0:00:18]
} Rc7 {[%eval -35,25] [%emt 0:00:14] (Tc1)} 76. Kg4 {[%eval -34,26] [%emt 0:00:
26]} Rc1 {[%eval -35,27] [%emt 0:00:30]} 77. Rb4 {[%eval -34,27] [%emt 0:00:34]
} Rg1+ {[%eval -35,27] [%emt 0:00:18]} 78. Kf3 {[%eval -34,27] [%emt 0:00:24] 
(Rh3)} Ke7 {[%eval -35,27] [%emt 0:00:39]} 79. Re4+ {[%eval -34,27] [%emt 0:00:
49]} Kf8 {[%eval -35,28] [%emt 0:00:17]} 80. Rd4 {[%eval -34,28] [%emt 0:00:32]
(Rf2)} Rc1 {[%eval -35,27] [%emt 0:00:16] (Tf1+)} 81. Kg4 {[%eval -34,28] 
[%emt 0:00:36]} Rf1 {[%eval -35,29] [%emt 0:00:19] (Th1)} 82. Rd8+ {[%eval -34,
28] [%emt 0:00:15] (Tb4)} Ke7 {[%eval -35,30] [%emt 0:00:26]} 83. Rd4 {[%eval
-34,30] [%emt 0:00:13]} Ke8 {[%eval -35,28] [%emt 0:00:18] (Th1)} 84. Re4+ {
[%eval -34,28] [%emt 0:00:19]} Kf8 {[%eval -35,30] [%emt 0:00:19] (Rf7)} 85.
Rd4 {[%eval -34,30] [%emt 0:00:17] (Tc4)} Kf7 {[%eval -35,31] [%emt 0:00:19] 
(Rg7)} 86. Rd7+ {[%eval -34,30] [%emt 0:00:52] (Ta4)} Ke8 {[%eval -35,31] 
[%emt 0:00:53]} 87. Rd4 {[%eval -34,31] [%emt 0:00:33]} Rh1 {[%eval -35,31] 
[%emt 0:00:36]} 88. Re4+ {[%eval -34,30] [%emt 0:00:13] (Rg3)} Kf7 {[%eval -35,
32] [%emt 0:00:31]} 89. Kg3 {[%eval -34,32] [%emt 0:00:19]} Ra1 {[%eval -35,28]
[%emt 0:00:13] (Tf1)} 90. Kg4 {[%eval -34,29] [%emt 0:00:22] (Tc4)} Rb1 {
[%eval -35,29] [%emt 0:00:12] (Tf1)} 91. Rd4 {[%eval -34,30] [%emt 0:00:27] 
(Tc4)} Rg1+ {[%eval -35,30] [%emt 0:00:16]} 92. Kf3 {[%eval -34,31] [%emt 0:00:
27] (Rh3)} Ke8 {[%eval -35,26] [%emt 0:00:17] (Th1)} 93. Re4+ {[%eval -34,26] 
[%emt 0:00:40] (Rf2)} Kd7 {[%eval -35,27] [%emt 0:01:09]} 94. Ra4 {[%eval -34,
25] [%emt 0:00:13] (Re2)} Kd6 {[%eval -35,22] [%emt 0:00:17] (Th1)} 95. Ra6+ {
[%eval -34,25] [%emt 0:00:40]} Ke7 {[%eval -35,26] [%emt 0:00:19]} 96. Re6+ {
[%eval -34,26] [%emt 0:00:15] (Ta4)} Kf7 {[%eval -35,30] [%emt 0:00:14]} 97.
Re4 {[%eval -34,30] [%emt 0:00:49]} Rd1 {[%eval -35,28] [%emt 0:00:17]} 98. Kg4
{[%eval -34,28] [%emt 0:00:28] (Ta4)} Ra1 {[%eval -35,27] [%emt 0:00:44] (Rg7)}
99. Rd4 {[%eval -34,28] [%emt 0:01:10] (Tc4)} Rh1 {[%eval -35,26] [%emt 0:01:
10]} 100. Rd7+ {[%eval -34,21] [%emt 0:00:15] (Rg3)} Ke8 {[%eval -35,23] [%emt
0:00:23]} 101. Rd6 {[%eval -34,25] [%emt 0:00:31]} Ke7 {[%eval -35,21] [%emt 0:
00:16] (Th4+)} 102. Re6+ {[%eval -34,20] [%emt 0:00:15]} Kf7 {[%eval -35,20] 
[%emt 0:00:14]} 103. Re2 {[%eval -34,21] [%emt 0:00:28] (Te4)} Rg1+ {[%eval
-35,19] [%emt 0:00:14] (Th4+)} 104. Kf3 {[%eval -34,21] [%emt 0:00:19]} Rf1+ {
[%eval -35,21] [%emt 0:00:44]} 105. Rf2 {[%eval -34,19] [%emt 0:00:14]} Ra1 {
[%eval -35,18] [%emt 0:00:12] (Tc1)} 106. Rc2 {[%eval -21,19] [%emt 0:00:15] 
(Te2)} Rh1 {[%eval -15,19] [%emt 0:00:17] (Te1)} 107. Rc7+ {[%eval 0,26] [%emt
0:00:18] (Tc4)} Ke8 {[%eval 0,28] [%emt 0:00:14]} 108. Kg2 {[%eval 0,33] [%emt
0:00:14]} Rd1 {[%eval 0,36] [%emt 0:00:13] (Th4)} 1/2-1/2

[Event "Reto (Fritz11, 150'+5\"/999) "]
[Site "?"]
[Date "2009.12.31"]
[Round "?"]
[White "Diaz, Sergio"]
[Black "Cabrera, Marcelo Dario"]
[Result "1/2-1/2"]
[WhiteElo "2472"]
[BlackElo "2267"]
[PlyCount "138"]

1. e4 c5 2. Nf3 e6 3. d4 cxd4 4. Nxd4 a6 5. Bd3 Nf6 6. O-O Qc7 7. Qe2 d6 8. c4
Be7 9. Nc3 Nc6 10. Nxc6 bxc6 11. f4 Nd7 12. Be3 Rb8 13. Rad1 O-O 14. Rf3 g6 15.
a3 {[%eval 36,13] [%emt 0:00:15]} c5 {[%eval 28,15] [%emt 0:00:19] (Ab7)} 16.
Qd2 {[%eval 25,15] [%emt 0:00:16]} Bb7 {[%eval 27,15] [%emt 0:00:10] (Cf6)} 17.
Rg3 {[%eval 20,16] [%emt 0:00:27]} Bc6 {[%eval 16,16] [%emt 0:00:09]} 18. Rb1 {
[%eval 13,16] [%emt 0:00:22]} Rb3 {[%eval 5,16] [%emt 0:00:16]} 19. Bc2 {
[%eval 21,16] [%emt 0:00:15]} Rb6 {[%eval 18,16] [%emt 0:00:31]} 20. b3 {
[%eval 18,16] [%emt 0:00:23]} Rfb8 {[%eval 18,16] [%emt 0:00:40] (Ah4)} 21. Bf2
{[%eval 15,14] [%emt 0:00:17] (f5)} Rd8 {[%eval 12,14] [%emt 0:00:14] (Tf8)}
22. Rd1 {[%eval 26,14] [%emt 0:00:17] (Dd3)} Kh8 {[%eval 25,14] [%emt 0:00:11]
(Cf6)} 23. Rh3 {[%eval 54,15] [%emt 0:00:18]} Kg8 {[%eval 57,15] [%emt 0:00:12]
(Cf6)} 24. f5 {[%eval 53,16] [%emt 0:00:15]} Nf6 {[%eval 78,16] [%emt 0:00:42]}
25. Qh6 {[%eval 84,16] [%emt 0:00:30]} Bf8 {[%eval 83,16] [%emt 0:00:34]} 26.
Qf4 {[%eval 84,16] [%emt 0:00:10]} e5 {[%eval 101,16] [%emt 0:00:19]} 27. Qd2 {
[%eval 101,16] [%emt 0:00:10]} Re8 {[%eval 133,16] [%emt 0:00:30] (Ae7)} 28.
Rf1 {[%eval 130,15] [%emt 0:00:11]} Bg7 {[%eval 129,15] [%emt 0:00:13]} 29. Bh4
{[%eval 159,16] [%emt 0:00:11] (Ae3)} Nh5 {[%eval 159,17] [%emt 0:00:14]} 30.
f6 {[%eval 162,17] [%emt 0:00:06]} Bf8 {[%eval 183,18] [%emt 0:00:42]} 31. Bg5
{[%eval 173,18] [%emt 0:00:37]} Nf4 {[%eval 162,18] [%emt 0:00:37]} 32. Bxf4 {
[%eval 162,18] [%emt 0:00:51]} exf4 {[%eval 161,18] [%emt 0:00:53]} 33. Qxf4 {
[%eval 163,18] [%emt 0:00:36] (Txf4)} Qd8 {[%eval 156,16] [%emt 0:00:16]} 34.
Qh4 {[%eval 157,16] [%emt 0:00:14]} h6 {[%eval 161,17] [%emt 0:00:20]} 35. Nd5
{[%eval 154,17] [%emt 0:00:29]} Rb7 {[%eval 149,17] [%emt 0:00:22]} 36. Rg3 {
[%eval 147,17] [%emt 0:00:42]} Kh7 {[%eval 146,16] [%emt 0:00:53]} 37. h3 {
[%eval 134,15] [%emt 0:00:25] (Df4)} Re5 {[%eval 132,15] [%emt 0:00:09]} 38.
Qf4 {[%eval 114,16] [%emt 0:00:27] (Tb1)} Bxd5 {[%eval 107,16] [%emt 0:00:13] 
(h5)} 39. exd5 {[%eval 108,16] [%emt 0:00:53]} Qe8 {[%eval 116,15] [%emt 0:00:
11] (h5)} 40. h4 {[%eval 120,16] [%emt 0:00:09]} h5 {[%eval 97,18] [%emt 0:00:
29]} 41. Rg5 {[%eval 98,18] [%emt 0:00:16]} Re2 {[%eval 68,18] [%emt 0:00:29] 
(Rg8)} 42. Rxh5+ {[%eval 67,18] [%emt 0:00:15]} Kg8 {[%eval 74,19] [%emt 0:00:
18]} 43. Bf5 {[%eval 75,18] [%emt 0:00:53]} a5 {[%eval 62,16] [%emt 0:00:05] 
(Te1)} 44. a4 {[%eval 71,17] [%emt 0:00:10] (Tf3)} Re1 {[%eval 77,17] [%emt 0:
00:07]} 45. Qg3 {[%eval 74,18] [%emt 0:00:10]} Rxf1+ {[%eval 79,19] [%emt 0:00:
12]} 46. Kxf1 {[%eval 67,20] [%emt 0:00:04]} Qe5 {[%eval 59,20] [%emt 0:00:08]}
47. Qxe5 {[%eval 65,21] [%emt 0:00:12]} dxe5 {[%eval 49,22] [%emt 0:00:07]} 48.
Rg5 {[%eval 54,22] [%emt 0:00:10]} Bh6 {[%eval 36,22] [%emt 0:00:19]} 49. Rg3 {
[%eval 40,22] [%emt 0:00:13]} Bf4 {[%eval 36,22] [%emt 0:00:07]} 50. Rg4 {
[%eval 45,22] [%emt 0:00:16]} Kf8 {[%eval 36,22] [%emt 0:00:17]} 51. Be4 {
[%eval 42,22] [%emt 0:00:22]} Rb6 {[%eval 37,22] [%emt 0:00:23]} 52. g3 {
[%eval 37,22] [%emt 0:00:22]} Be3 {[%eval 34,22] [%emt 0:00:25] (Ac1)} 53. Kg2
{[%eval 35,21] [%emt 0:00:19] (Re2)} Rxf6 {[%eval 32,21] [%emt 0:00:05]} 54.
Bf3 {[%eval 28,22] [%emt 0:00:16]} Bd4 {[%eval 25,23] [%emt 0:00:19]} 55. Re4 {
[%eval 25,23] [%emt 0:00:15]} Rb6 {[%eval 22,23] [%emt 0:00:19]} 56. Bd1 {
[%eval 16,23] [%emt 0:00:51]} f5 {[%eval 16,23] [%emt 0:00:21]} 57. Re1 {
[%eval 17,22] [%emt 0:00:53]} Rf6 {[%eval 16,21] [%emt 0:00:12]} 58. Re2 {
[%eval 19,21] [%emt 0:00:14]} Kg7 {[%eval 16,21] [%emt 0:00:40] (e4)} 59. Bc2 {
[%eval 17,20] [%emt 0:00:17]} e4 {[%eval 11,20] [%emt 0:00:35]} 60. Re1 {
[%eval 12,20] [%emt 0:00:17]} g5 {[%eval 7,20] [%emt 0:00:13]} 61. Rh1 {
[%eval 8,19] [%emt 0:00:09]} Rh6 {[%eval 9,20] [%emt 0:00:11]} 62. hxg5 {
[%eval 10,21] [%emt 0:00:10]} Rxh1 {[%eval 8,21] [%emt 0:00:06]} 63. Kxh1 {
[%eval 9,22] [%emt 0:00:03]} Be3 {[%eval 8,22] [%emt 0:00:21]} 64. d6 {[%eval
9,22] [%emt 0:00:11] (g4)} Kf7 {[%eval 8,22] [%emt 0:00:09]} 65. g6+ {[%eval 9,
23] [%emt 0:00:16] (g4)} Kxg6 {[%eval 8,24] [%emt 0:00:15]} 66. g4 {[%eval 9,
24] [%emt 0:00:20]} Bg5 {[%eval 7,24] [%emt 0:00:20]} 67. Bd1 {[%eval 9,21] 
[%emt 0:00:10] (Rg2)} fxg4 {[%eval 8,22] [%emt 0:00:30] (Rf6)} 68. Bxg4 {
[%eval 9,24] [%emt 0:00:27]} Bf4 {[%eval 8,24] [%emt 0:00:32] (Af6)} 69. d7 {
[%eval 9,25] [%emt 0:00:22]} Bg5 {[%eval 8,25] [%emt 0:00:21]} 1/2-1/2

[Event "Reto (Fritz11, 90'+10\"/999) "]
[Site "?"]
[Date "2009.12.31"]
[Round "?"]
[White "Diaz, Sergio"]
[Black "Cabrera, Marcelo Dario"]
[Result "1/2-1/2"]
[WhiteElo "2472"]
[BlackElo "2267"]
[PlyCount "132"]

1. e4 c5 2. Nf3 e6 3. d4 cxd4 4. Nxd4 a6 5. Bd3 Nf6 6. O-O Qc7 7. Qe2 d6 8. c4
Be7 9. Nc3 Nc6 10. Nxc6 bxc6 11. f4 Nd7 12. Be3 Rb8 13. Rad1 O-O 14. Rf3 g6 15.
g4 Bf6 16. Qd2 Bb7 17. g5 Bg7 18. Bf1 d5 19. Rf2 Nb6 20. c5 Nd7 21. Be2 {
[%eval 6,14] [%emt 0:00:22]} f6 {[%eval 8,15] [%emt 0:00:31]} 22. gxf6 {
[%eval 11,14] [%emt 0:00:18] (Tdf1)} Rxf6 {[%eval 21,15] [%emt 0:00:18]} 23.
Rg2 {[%eval 26,15] [%emt 0:00:19]} Rbf8 {[%eval 40,15] [%emt 0:00:25] (Af8)}
24. e5 {[%eval 42,16] [%emt 0:00:11]} R6f7 {[%eval 34,16] [%emt 0:00:12]} 25.
h4 {[%eval 57,17] [%emt 0:00:21]} Bh6 {[%eval 63,17] [%emt 0:00:28]} 26. Rf1 {
[%eval 59,17] [%emt 0:00:15]} Rg7 {[%eval 74,17] [%emt 0:00:42]} 27. Bg4 {
[%eval 92,17] [%emt 0:00:18]} Re8 {[%eval 92,18] [%emt 0:00:37]} 28. Ne2 {
[%eval 93,18] [%emt 0:00:22]} Kh8 {[%eval 107,18] [%emt 0:00:38] (Dd8)} 29. Qc3
{[%eval 97,17] [%emt 0:00:39]} a5 {[%eval 100,17] [%emt 0:00:21] (Cf8)} 30. Nd4
{[%eval 103,17] [%emt 0:00:29]} Nf8 {[%eval 116,17] [%emt 0:00:33]} 31. a4 {
[%eval 123,17] [%emt 0:00:11]} Ba6 {[%eval 142,17] [%emt 0:00:42] (Tg8)} 32.
Rf3 {[%eval 152,16] [%emt 0:00:12]} Rb8 {[%eval 157,16] [%emt 0:00:27] (Tf7)}
33. Bxe6 {[%eval 162,17] [%emt 0:00:20]} Rb4 {[%eval 166,17] [%emt 0:00:27]}
34. Bg4 {[%eval 163,17] [%emt 0:00:25]} Rc4 {[%eval 162,17] [%emt 0:00:16]} 35.
Qb3 {[%eval 163,17] [%emt 0:00:19]} Rb4 {[%eval 170,17] [%emt 0:00:33]} 36. Qa3
{[%eval 137,17] [%emt 0:00:59] (Dd1)} Rg8 {[%eval 151,14] [%emt 0:00:12] (Tc4)}
37. Qc3 {[%eval 155,14] [%emt 0:00:20] (Rh1)} Rc4 {[%eval 187,16] [%emt 0:00:
36]} 38. Qe1 {[%eval 184,17] [%emt 0:00:18]} Rxc5 {[%eval 195,17] [%emt 0:00:
33]} 39. Nb3 {[%eval 194,17] [%emt 0:00:39]} Rc4 {[%eval 186,18] [%emt 0:00:20]
} 40. Qxa5 {[%eval 182,18] [%emt 0:00:35]} Qxa5 {[%eval 178,18] [%emt 0:00:15]}
41. Nxa5 {[%eval 178,19] [%emt 0:00:19]} Rxa4 {[%eval 177,19] [%emt 0:00:31]}
42. Nxc6 {[%eval 178,18] [%emt 0:00:59]} Re4 {[%eval 165,16] [%emt 0:00:12] 
(Tg7)} 43. Rd2 {[%eval 172,17] [%emt 0:00:27] (b4)} Rxe3 {[%eval 173,17] [%emt
0:00:15]} 44. Rxe3 {[%eval 184,18] [%emt 0:00:07]} Bxf4 {[%eval 189,18] [%emt
0:00:08]} 45. Kf2 {[%eval 171,19] [%emt 0:00:19]} Bc4 {[%eval 169,19] [%emt 0:
00:16]} 46. Na5 {[%eval 162,19] [%emt 0:00:18]} Bxe3+ {[%eval 147,19] [%emt 0:
00:13]} 47. Kxe3 {[%eval 155,20] [%emt 0:00:09]} h5 {[%eval 152,20] [%emt 0:00:
17]} 48. Nxc4 {[%eval 149,20] [%emt 0:00:31]} hxg4 {[%eval 141,20] [%emt 0:00:
37]} 49. Rxd5 {[%eval 141,20] [%emt 0:00:48]} Ne6 {[%eval 156,20] [%emt 0:00:
47]} 50. Rd6 {[%eval 148,20] [%emt 0:00:59]} Ng7 {[%eval 161,20] [%emt 0:00:35]
} 51. Kf4 {[%eval 152,20] [%emt 0:00:52]} Nf5 {[%eval 151,19] [%emt 0:00:10] 
(g3)} 52. Rb6 {[%eval 150,19] [%emt 0:00:24]} g3 {[%eval 149,19] [%emt 0:00:18]
} 53. Ne3 {[%eval 144,19] [%emt 0:00:27]} Rf8 {[%eval 187,19] [%emt 0:00:30] 
(Tg7)} 54. Rf6 {[%eval 95,16] [%emt 0:00:17]} Rg8 {[%eval 95,18] [%emt 0:00:19]
(Txf6)} 55. b4 {[%eval 120,18] [%emt 0:00:15]} Nxe3 {[%eval 107,18] [%emt 0:00:
11]} 56. Kxe3 {[%eval 114,19] [%emt 0:00:17]} Kg7 {[%eval 113,18] [%emt 0:00:
58]} 57. Rf4 {[%eval 86,17] [%emt 0:00:13]} Rc8 {[%eval 82,18] [%emt 0:00:33]}
58. Rg4 {[%eval 79,16] [%emt 0:00:12]} Kf7 {[%eval 138,17] [%emt 0:00:17]} 59.
Rxg3 {[%eval 138,18] [%emt 0:00:16]} Rc3+ {[%eval 145,18] [%emt 0:00:10]} 60.
Kf2 {[%eval 122,20] [%emt 0:00:28]} Rc2+ {[%eval 112,20] [%emt 0:00:35]} 61.
Kf3 {[%eval 97,21] [%emt 0:00:42]} Rc3+ {[%eval 96,20] [%emt 0:00:06]} 62. Kg2
{[%eval 84,21] [%emt 0:00:30]} Rc2+ {[%eval 75,21] [%emt 0:00:30]} 63. Kf1 {
[%eval 73,20] [%emt 0:00:13]} Rc4 {[%eval 59,21] [%emt 0:00:25]} 64. Rb3 {
[%eval 57,21] [%emt 0:00:13]} Ke6 {[%eval 0,21] [%emt 0:00:05] (Txh4)} 65. Kg2
{[%eval 0,24] [%emt 0:00:10] (b5)} Rxh4 {[%eval 0,25] [%emt 0:00:10]} 66. Kg3 {
[%eval 0,30] [%emt 0:00:12]} Re4 {[%eval 0,29] [%emt 0:00:11] (g5)} 1/2-1/2